00703nam a22002655b 4500001000700000003000900007005001700016007000700033008004100040016001000081017000900091020001500100035000600115040002500121080000600146100002600152245004700178260003500225300002100260490003400281500005600315600000600371700002600377830003400403 5632 DO-SdBNP20171212151748.0 5632 970123s1996 sp | ||| ||spa 7 2BPMSU a b  a8433910361 a  aBPSMUbspacBPMSUe  0a 1 aPardo, Jesúsd1927-1 aAutorretrato sin retoques /cJesús Pardo aBarcelona : bAnagrama, c1996 a428 p. ; c22 cm aNarraciones hispánicasv206 aIncluye datos biográficos del autor en la solapa 172  aPardo, Jesúsd1927- aNarraciones hispánicasv206